000 01106nam a22002297a 4500
999 _c60134
_d60134
003 Ge_BSU
005 20230612123447.0
008 230612s1989 ge ||||| |||| 00| 0 geo d
020 _a5525001470
041 _ageo
080 _a087.5:902 ნ-16
100 _aნადირაძე, ჯურხა
_918635
245 _aმზით განათებული ათასწლეულები :
_b[მეცნიერულ-მხატვრული ნარკვევები არქეოლოგიაზე] /
_cჯურხა ნადირაძე; რედ. მ. სოხაძე.
250 _a[1-ლი-მე-2 გამოცემა].
264 _aთბილისი :
_bნაკადული,
_c1989.
300 _a271 გვ. ;
_b22 სმ.
653 _aალეზის კულტურა
653 _aადრე ბრინჯაოს ხანის კულტურა
653 _aსაირხის საგანძური
700 _a სოხაძე, მ.
_eრედაქტორი
_918636
942 _2udc
_cBK